| 000 | 004620000a22001810004500 | ||
|---|---|---|---|
| 003 | LK-CoMWRAF | ||
| 008 | 230817t ||||| |||| 00| 0 eng d | ||
| 020 | _a8174352902 | ||
| 040 |
_aLK-CoMWRAF _dLK-CoMWRAF _eLK-CoMWRAF |
||
| 041 | _aeng | ||
| 082 |
_a150 _bISL |
||
| 100 | _aIslahi, Maulana Amin Ahsan | ||
| 245 |
_aIslamic Faith and its Presentation _b |
||
| 260 |
_bAdam Pub: _aNew Delhi (India) _c2002 |
||
| 300 | _ap.239 | ||
| 650 | _aIslam | ||
| 942 | _cBK | ||
| 999 |
_c1484 _d1484 |
||